000 00547nam a2200217Ia 4500
003 OSt
005 20221007063052.0
006 a|||||r|||| 00| 0
007 ta
008 221006b |||||||| |||| 00| 0 eng d
024 _a25,788
037 _cTextual
040 _aFLL
_cFLL
_beng
041 _2eng
_aeng
082 _aZ2:5W, K4
245 0 _aLaw of sadition in India
260 _aBombay
_bN.M. Tripathi Pvt. Ltd. India
_c1964
300 _axii,1-92p
_ccm.
942 _hZ2:5W, K4
_cTEXL
_2CC
999 _c1130284
_d1130284